Hiroshima; Attention please! : Reference guide

محفوظ في:
التفاصيل البيبلوغرافية
التنسيق: كتاب
اللغة:Undetermined
منشور في: [Japan]
الموضوعات:
الوسوم: إضافة وسم
لا توجد وسوم, كن أول من يضع وسما على هذه التسجيلة!
Thư viện lưu trữ: Trung tâm Học liệu Trường Đại học Cần Thơ
LEADER 00402nam a2200157Ia 4500
001 CTU_114909
008 210402s9999 xx 000 0 und d
082 |a 915.2 
082 |b H668 
245 0 |a Hiroshima; Attention please! : 
245 0 |b Reference guide 
260 |a [Japan] 
650 |a Japan 
650 |x Guidbooks 
904 |i M.Loan 
980 |a Trung tâm Học liệu Trường Đại học Cần Thơ